Normal view
MARC view
Entry Personal Name
001 - CONTROL NUMBER
- control field: 37425
003 - CONTROL NUMBER IDENTIFIER
- control field: dpl
005 - DATE AND TIME OF LATEST TRANSACTION
- control field: 20111222122817.0
008 - FIXED-LENGTH DATA ELEMENTS
- fixed length control field: 111222|||a|||||| | ||| d
040 ## - CATALOGING SOURCE
- Original cataloging agency: dpl
- Transcribing agency: dpl
100 ## - HEADING--PERSONAL NAME
- Personal name: चित्रा माया
670 ## - SOURCE DATA FOUND
- Source citation: Work cat.: (dpl): 36528 झिंगजियान,गाओ, बायिंग अ फिशिंग रॉड फॉर माय ग्रॅण्डफादर /, 2009
670 ## - SOURCE DATA FOUND
- Source citation: Work cat.: (dpl): 36528 झिंगजियान,गाओ, बायिंग अ फिशिंग रॉड फॉर माय ग्रॅण्डफादर /, 2009
